| Tag |
First Indicator |
Second Indicator |
Subfields |
| LEADER |
00000cam a2200000 4500 |
| 001 |
in00000445607 |
| 005 |
20151012070046.0 |
| 008 |
751118s1960 gw af b 00010 eng |
| 035 |
|
|
|a (OCoLC)01840529
|
| 035 |
|
|
|9 ABW4979AM
|
| 040 |
|
|
|c VA@
|d TXA
|d UtOrBLW
|
| 049 |
|
|
|a TXAM
|c [A09907913]
|
| 050 |
0 |
0 |
|a NB159.R6
|b S7
|
| 100 |
1 |
|
|a Stoop, M. W.
|
| 245 |
1 |
0 |
|a Floral figurines from south Italy /
|c [by] Maria Wilhelmina Stoop.
|
| 264 |
|
1 |
|a Assen :
|b VanGorcum,
|c [1960]
|
| 300 |
|
|
|a 84 pages, 12 pages of plates :
|b illustrations ;
|c 25 cm.
|
| 336 |
|
|
|a text
|b txt
|2 rdacontent
|
| 337 |
|
|
|a unmediated
|b n
|2 rdamedia
|
| 338 |
|
|
|a volume
|b nc
|2 rdacarrier
|
| 500 |
|
|
|a Proefschrift -- Leiden.
|
| 500 |
|
|
|a "Stellingen" ([3] pages) inserted at end.
|
| 504 |
|
|
|a Bibliography: pages 81-84.
|
| 650 |
|
0 |
|a Terra-cotta sculpture, Roman.
|
| 651 |
|
0 |
|a Italy, Southern
|x Antiquities.
|
| 999 |
|
|
|a MARS
|
| 999 |
f |
f |
|s a8b87f12-cd0d-30a7-b692-6270edc15c3d
|i b84c9bef-3515-3b39-ae68-9882a31dc049
|t 0
|
| 952 |
f |
f |
|p normal
|a Texas A&M University
|b College Station
|c Sterling C. Evans Library
|d Evans: Library Stacks
|t 0
|e NB159.R6 S7
|h Library of Congress classification
|i unmediated -- volume
|m A14809907913
|
| 998 |
f |
f |
|a NB159.R6 S7
|t 0
|l Evans: Library Stacks
|